000
00305nam a22001337a 4500
008
170310b xxu||||| |||| 00| 0 eng d
020
_a
1560534028
041
_a
eng
080
_2
2nd
_a
616.5
100
_a
7
101
_a
shm
245
_a
DERMATOLOGY SECRETS IN COLOR
_c
FITZPATRICK. J.E
942
_2
udc
_c
BK
999
_c
7470
_d
7470